Nabardziej hejtowane miasta w Polsce - Statystyki

Ogólne statystyki
  • Ten quiz został rozwiązany 425 razy
  • Średni wynik to 4 z 6
Statystyki odpowiedzi
Ludność Miasto % Poprawnych
204 552 sosnowiec
82%
354 006 bydgoszcz
78%
213 715 radom
74%
696 708 łódź
73%
293 407 białystok
69%
27 266 zakopane
8%
Nie znaleziono quizów pasujących do podanych kryteriów
Rozkład punktacji
Procent ludzi z każdym wynikiem
Percentyl według liczby udzielonych odpowiedzi
Twoja historia wyników
Nie rozwiązałeś tego quizu